000 00525nam a22001817a 4500
003 URS
005 20220114171736.0
008 170519b xxu||||| |||| 00| 0 eng d
020 _a9812400133
050 _aHF5635
_bS5 2000 v.2
100 _aSkousen, K. Fred
245 _aIntermediate Accounting
_cK.Fred Skousen, Earl K. Stice, James D. Stice
250 _aFourteenth edition
260 _aSingapore
_bSouth-Western College Publishing
_cc2000
700 _4Stice, K. Fred
700 _4Stice, James D.
942 _2lcc
_cFR
999 _c14644
_d14644